00949 2200301 4500001002100000005001500021035002000036007000300056008004100059020002200100082001000122084001600132100004900148245021600197250001000413260003200423300002400455700002000479700002600499520003900525600001700564990001100581990001100592990001100603990001100614990001100625990001100636INLIS00000000000348220190522023953 a0010-0519000074ta190522 g 0 ind  a978-979-1286-10-7 a297.2 a297.2 SYA f0 aSYAIKH, Abdurrahman bin Hasan Alu asy-Syaikh1 aFathul Majid Penjelasan Lengkap Kitab Tauhid:Dilengkapi Takhrij Hadits-hadits yang Dipermasalahkan dalam Kitab Tauhid :bDilengkapi Takhrij Hadits-hadits yang Dipermasalahkan dalam Kitab Tauhid /cIzzudin Karimi acet.8 aJakarta :bDarul HAQ,c2016 axliv, 1064 ;c25 cm0 aIZZUDIN, Karimi0 aABDURRAHMAN, Nuryaman aFathul Majid Syarh Kitab at-tauhid 4aISLAM.AKIDAH a6776 a a6776 b a6776 a a6776 b a6776 b a6776 a